Hillel: el sabio, surgimiento del judaismo clásico
Αποθηκεύτηκε σε:
| Κύριος συγγραφέας: | |
|---|---|
| Μορφή: | Βιβλίο |
| Γλώσσα: | Ισπανικά |
| Έκδοση: |
Buenos Aires
Paidós
1963
|
| Σειρά: | Biblioteca del Hombre Contemporáneo, 96
|
| Θέματα: | |
| Ετικέτες: |
Προσθήκη ετικέτας
Δεν υπάρχουν, Καταχωρήστε ετικέτα πρώτοι!
|
MARC
| LEADER | 00000nam a2200000 a 4500 | ||
|---|---|---|---|
| 001 | UCL5162 | ||
| 003 | CL-VaPUC | ||
| 008 | 040305e19630000AG |||||||||||||||||spa|d | ||
| 082 | 0 | 4 | |a 296 |b GLA |2 21 |
| 100 | 0 | |a Glatzer, Nahum N |e author |9 482863 | |
| 245 | 1 | 0 | |a Hillel: el sabio, surgimiento del judaismo clásico |
| 300 | |a 117 p | ||
| 942 | |c BK | ||
| 945 | |d 20040305 00:00:00 |a vberengu | ||
| 260 | |a Buenos Aires |b Paidós |c 1963 | ||
| 650 | 0 | |a Judaísmo |9 269348 | |
| 583 | |a last modification |c 20040305 00:00:00 |k Rodrigo Vera | ||
| 490 | 0 | |a Biblioteca del Hombre Contemporáneo, 96 | |
| 999 | |c 307830 |d 307828 | ||
| 952 | |0 0 |1 0 |4 0 |6 296_000000000000000_GLA_1963 |7 0 |8 A |9 373961 |a BIBTEO |b BIBTEO |d 2019-11-21 |i 2104725 |o 296 GLA 1963 |p 2104725 |r 2025-01-17 |w 2019-11-21 |y BK |k ICR | ||